000 00721nam a22002297a 4500
001 42331
003 UA-OsUOA
005 20211018211539.0
007 ta
008 20061102b un ||||| |||| 00| 0 ukr d
040 _aUA-OsUOA
_brus
_cUA-OsUOA
_dUA-OsUOA
041 _arus
080 _a82.09(470+571)
090 _a82.09(470+571)
_bД76
100 _aДрыжакова Е.
245 _aВ волшебном мире поэзии
_bкнига для учащихся старших классов
260 _aМ.
_bПросвещение
_c1978
300 _a205 с.
650 7 _a82.09 Літературна критика. Літературні дослідження
_2UDC
942 _cBK
_2udc
955 _a2
999 _c328462
_d328462